000
00213 a2200097 4500
001
29419
100
_a
Taylor
245
_a
Guinness book of air Facts and feats
260
_a
_b
Guinness
_c
090
_c
19631
_d
19631
942
_a
NUST-CAE
_c
M
_c
10704
999
_c
264492
_d
264492